000 00648nam a2200205Ia 4500
003 IN-BaIIA
008 211028s9999 xx 000 0 eng d
020 _a0-387-94658-6
040 _cIIA Library
080 _a535.33:52
_bCHI
245 0 _aAmazing light
_ba volume dedicated to Charles Hard Townes on his 80th birthday
_cedited by R. Y. Chiao
260 _aNewyork
_bSpringer-Verlag
_c1996
300 _axxviii, 682p
650 _aAstrophysics
_9794
650 _aLasers
_93580
650 _aMasers
_93581
650 _aQuantum electronics
_94678
700 _aChiao, R.Y., ed.
_922764
942 _cBK
999 _c12969
_d12969